Acta VŠFS economic studies and analyses

Saved in:
Bibliographic Details
Format: Serial
Language:English
Published: Praha Vysoká škola finanční a správní 2016
Tags: Add Tag
No Tags, Be the first to tag this record!

MARC

LEADER 00000nas2a2200000 4500
001 0226964
005 20210702111228.9
022 |a 1802-792X 
041 0 |a eng 
044 |a CZ 
245 1 0 |a Acta VŠFS  |b economic studies and analyses 
264 1 |a Praha  |b Vysoká škola finanční a správní  |c 2016 
773 0 |w eu_un_cat*0072294 
774 0 |w eu_un_cat*0276759